000 00666nam a22002057a 4500
005 20240530110930.0
008 220214s2009 ua g 000 p ara d
017 _bمصر. دار الكتب
020 _a9774274709
040 _aEG-CaGPL
_cEG-CaGPL
082 0 4 _221
_a811.09/
_bج ح
100 0 _aجمال الشاعر
245 1 0 _aحبيبتى اينشتاين لا يعض :
_bمدونات شعرية /
_cجمال الشاعر
250 _aط.1
260 _aالقاهرة :
_bالدار المصرية اللبنانية،
_c2009
300 _a150 ص. ؛
_c20 سم
650 0 7 _2qrmak
_aالشعر العربى
651 _2qrmak
942 _2ddc
_cBK
999 _c66640
_d66640